Loading...
| Beliefs | 8 | 16.25 | 100% | 63% | 0% |
| Current Events | 4 | 15.00 | 100% | 50% | 0% |
| Fine Arts - Other Arts | 2 | 20.00 | 100% | 100% | 0% |
| History - American History | 4 | 22.50 | 100% | 75% | 50% |
| History - Ancient History | 3 | 16.67 | 100% | 67% | 0% |
| History - European History | 4 | 15.00 | 75% | 75% | 0% |
| History - Other History | 2 | 10.00 | 50% | 50% | 0% |
| History - World History | 5 | 12.00 | 80% | 20% | 20% |
| Literature - American Literature | 4 | 25.00 | 100% | 75% | 75% |
| Literature - British Literature | 3 | 20.00 | 100% | 100% | 0% |
| Literature - European Literature | 3 | 26.67 | 100% | 100% | 67% |
| Literature - World Literature | 2 | 20.00 | 100% | 100% | 0% |
| Other Academic | 1 | 10.00 | 100% | 0% | 0% |
| Philosophy | 4 | 17.50 | 100% | 75% | 0% |
| Science - Biology | 3 | 10.00 | 100% | 0% | 0% |
| Science - Chemistry | 3 | 3.33 | 33% | 0% | 0% |
| Science - Other Science | 6 | 10.00 | 67% | 33% | 0% |
| Science - Physics | 4 | 12.50 | 75% | 50% | 0% |
| Social Science | 4 | 15.00 | 100% | 50% | 0% |
| Visual Arts | 3 | 16.67 | 100% | 67% | 0% |